00964 am a2200181 a 450000500170000000800410001702000140005804100080007210000270008024501150010725000110022226001000023330000160033350001860034965300850053565301090062065300530072920231213105102.0100914s1997||||ag o f |||| 001 0dspa d a950340945 aspa1 aOrtiz, Frutos Enrique. aHombres y cosas de la Facultad de Ciencias Médicas de La Plata.bPeriodo 1955-1994 / cFrutos Enrique Ortiz. a1a ed. aLa Plata [Buenos Aires ; Argentina]: bEditorial de la Universidad Nacional de La Plata;c1997. a252 p.bil. aOrtiz, F. E. (1997). Hombres y cosas de la Facultad de Ciencias Médicas de La Plata. Periodo 1955-1994. (1a ed.) Buenos Aires : Editorial de la Universidad Nacional de La Plata.  aDesde la revolución libertadora a la caída del Gobierno de Illia (1955-1966) aDesde la revolucón Argentina hasta la terminacion dle "Proceso de Reorganizacion Nacional" (1966-1983) aFacultad de medicina en el periodo democrático